00587nam a2200193 a 450000100060000000300080000600500170001400800410003103500190007204000360009104100080012708200220013510000200015724501020017726000390027930000350031850400200035365000200037319318BD-RjUL20211209000420.0140224s1985 nyua 001 0 eng d a(BD-RjUL)19377 aBDSdUkOxUdBD-RjULbengcUkOxU aeng0 a425222bMUI 1985 aMurphy, Raymond00aIntermediate English grammar :cRaymond Murphybreference and practice for South Asian Students / aNew York :bCambridge Uni.,c1985. aviii, 328 p. :bill. ;c23 cm. aIncludes index. 0aEnglish grammar